Κατάλογος Βιβλιοθηκών Mediterranean College

Technical Analysis of Stock Trends (Record no. 1236)

MARC details
000 -LEADER
fixed length control field 01511cam a22002174a 4500
005 - ΗΜΕΡΟΜΗΝΙΑ ΚΑΙ ΩΡΑ ΤΕΛΕΥΤΑΙΑΣ ΕΝΗΜΕΡΩΣΗΣ
Πεδίο ελέγχου 20250605164002.0
008 - FIXED-LENGTH DATA ELEMENTS--GENERAL INFORMATION
Πεδίο ελέγχου σταθερού μήκους 250528s ||||||||||||||||||||||||d
035 ## - SYSTEM CONTROL NUMBER
System control number 15673
020 ## - ISBN
ISBN 139043438
040 ## - ΠΗΓΗ ΚΑΤΑΛΟΓΟΓΡΑΦΗΣΗΣ
Φορέας πρωτότυπης καταλογογράφησης MC Athens Campus Library
Γλώσσα καταλογογράφησης Ελληνικά, Μοντέρνα (1453-)
Modifying agency MC Athens Campus Library
Κανόνες περιγραφικής καταλογογράφησης AACR2
245 1# - ΤΙΤΛΟΣ ΚΑΙ ΔΗΛΩΣΗ ΥΠΕΥΘΥΝΟΤΗΤΑΣ
Τίτλος Technical Analysis of Stock Trends
250 ## - EDITION STATEMENT
Edition statement 6th
260 ## - PUBLICATION, DISTRIBUTION, ETC.
Name of publisher, distributor, etc. John Magee Inc,
Date of publication, distribution, etc. 1992
300 ## - PHYSICAL DESCRIPTION
Extent 632
520 ## - SUMMARY, ETC.
Summary, etc. Foreword, The Technical Approach, Charts, The Dow Theory, Dow Theory in Practice, The Dow Theory's Defects, Important Reversal Patterns, The Triangles, Other Reversal Phenomena, Consolidation Formations, Gaps, Support and Resistance, Trendlines and Channels, Major Trendlines, Technical Analysis of Commodity Charts, Summary and Some Concluding Comments, The Tactical Problem, The All-Important Details, The Kind of Stocks we Want, Selection of Stocks to Chart, The Mechanics of Building a Chart, The Probable Moves of Your Stocks, Two Touchy Questions, Round Lots or Odd Lots, Stop Orders, What is Bottom and What is Top, Trendlines in Action, Use of Support and Resistance, Not All in One Basket, Measuring Implications in Technical Chart, Tactical Review of Chart Action, A Quick Summation of Tactical Methods, Effect of Technical Trading oon Market Action, Automated Trendline: The Moving Average, The Same Old Patterns, Balanced and Diversified, Trial and Error, Stick to Your Guns, Index.
700 1# - ΠΡΟΣΘΕΤΗ ΑΝΑΓΡΑΦΗ--ΦΥΣΙΚΟ ΠΡΟΣΩΠΟ
Personal name Edwards Robert D
9 (RLIN) 1637
700 1# - ΠΡΟΣΘΕΤΗ ΑΝΑΓΡΑΦΗ--ΦΥΣΙΚΟ ΠΡΟΣΩΠΟ
Personal name Magee John
9 (RLIN) 1638
942 ## - ADDED ENTRY ELEMENTS (KOHA)
Koha item type Books
Holdings
Τύπος τεκμηρίου Βιβλιοθήκη Τρέχουσα τοποθεσία Barcode Αριθμός εισαγωγής Ημερομηνία απόκτησης Ταξιθετικό σύμβολο Αριθμός αντιτύπου Κατάσταση απόσυρσης Κατάσταση χαμένου Κατάσταση κατεστραμμένου Μη δανεισμός Σύνολο δανεισμών Ημερομηνία τελευταίας εμφάνισης Η τιμή ισχύει από
Books MC Athens Campus Library MC Athens Campus Library 9780000012357 2027 05/06/2025 332.645/2 EDW 1           05/06/2025 05/06/2025

MC Athens Campus Library
Πατησίων 94 & Κοδριγκτώνος 13, 104 34
Πελλήνης 8 & Πατησίων 107, 112 51
Τ: +30 210 8899600

MC Thessaloniki Campus Library
Ίωνος Δραγούμη 21, 54625 | Ίωνος Δραγούμη 15, 54625
Τ: +30 2310 287779 – Τ: +30 2314 440300